000 00613nam a2200241 a 4500
001 nice12345678
003 IN_TiNIC
005 20260116012252.0
008 050524s1949 pria grp 000 0 ara
020 _a
_c100
082 0 0 _a492.78
_bZIA
100 _aZiadeh, Farhath
245 _aArabic Primer, Mubadi Al Arabiytah
260 _aPrinceton
_bPrinceton University Press
_c1949
300 _a47p
500 _aincludes index and biblioraphy
505 2 _aIndex to preface, notes
650 _aArabic-Course Book
700 1 _aZiadeh, Farhath
902 _bSRS
942 _cBK
999 _c6323
_d6323